| 000 | 00528cam a22001337a 4500 | ||
|---|---|---|---|
| 008 | 180718b1959 xxu||||| |||| 00| 0 eng d | ||
| 082 | _aP528x54 In2e | ||
| 100 | _aCieslak, Edward Charnwood | ||
| 245 |
_aExaminations in indian higher education: current practices and proposals for improvement _cby Edward Charnwood Cieslak, John Todd Cowles and Anna Marie Dragositz |
||
| 260 |
_aNew Delhi _bIndia Wheat Loan Educationl Exchange Program _c1959 |
||
| 300 | _a72p. | ||
| 700 | _aDragositz, Anna Marie | ||
| 700 | _aCowles, John Todd | ||
| 999 |
_c494865 _d494865 |
||